Statistics for Vegetables: No Vowels

Click here to take the quiz!

General Stats

  • This quiz has been taken 46,931 times
    (46,882 since last reset)
  • The average score is 16 of 20

Answer Stats

MissingVegetable% Correct
BRCCLBroccoli
99%
CBBGCabbage
97%
LTTCLettuce
97%
SPNCHSpinach
97%
CRRTCarrot
96%
GNGRGinger
95%
GRLCGarlic
93%
CLFLWRCauliflower
91%
SQSHSquash
91%
TRNPTurnip
88%
CRNCorn
83%
PPea
83%
KLKale
81%
BTBeet
78%
PTTPotato
77%
SPRGSAsparagus
71%
RTCHKArtichoke
57%
CLRCelery
48%
NNOnion
48%
KROkra
36%

Score Distribution

Percentile by Number Answered

Percent of People with Each Score

Your Score History

You have not taken this quiz since the last reset